000 00260nam a2200097Ia 4500
001 646964
005 20250826153653.0
008 250824s9999 xx 000 0 und d
245 0 _aŞİPŞAK HİKAYELER 2 ANLATSAM İNANIR MISIN?
_cBERNARD FRIOT
260 _bTUDEM
999 _c646964
_d646964